000
00280nam a22001217a 4500
041
_a
ENG
100
_a
Coddington .A
245
_a
Theory Of Ordinary Differential equations
260
_a
Delhi
_b
Tata McGraw-Hill
_c
2004
300
_a
429
650
_a
M.Tech
856
_u
M.Tech -(7)
999
_c
998
_d
998